000 01364nam a2200349 i 4500
001 000016740
003 DO-SdBNP
005 20240307073946.0
007 ta
008 100310s1981 dr r 000 0 spa d
040 _aDO-SdBNP
_bspa
_cBNPHU
_erda
082 4 _a378.009
_bM516u
_222
100 1 _a Mejía-Ricart G., Tirso,
_d1936-2021
_q(Mejía-Ricart Guzmán)
_eautor
_91569
245 1 3 _aLa universidad en la historia universal /
_cTirso Mejía-Ricart G. ; prólogo, Juan Isidro Jimenes Grullón.
264 _aSanto Domingo :
_bUASD,
_c1981.
300 _a417 páginas ;
_c21 cm.
336 _2rdacontent
_atexto
_btxt
337 _2rdamedia
_asin mediación
_bn
338 _2rdacarrier
_avolumen
_bnc
490 _aPublicaciones de la Universidad Autónoma de Santo Domingo
_v328
490 _aHistoria y sociedad
_v41
500 _aIncluye datos biográficos del autor en la contracubierta.
500 _aIncluye referencias bibliográficas y notas al pie de páginas.
504 _aBibliografía : p. 409-417.
590 _aInventariado, 2018/BT
650 4 _aUniversidades
_xHistoria
_936426
650 4 _aEducación superior
_xHistoria
_928584
700 1 _aJimenes Grullón, Juan Isidro,
_d1903-1983
_eprólogo
_92482
710 1 _aUniversidad Autónoma de Santo Domingo
_972951
910 _aValidado. Control de calidad. EMS
942 _2ddc
_cLBS1
999 _c16272
_d16272